|
|
|
|
| LEADER |
00000cam a2200000 4500 |
| 001 |
vtls012244467 |
| 003 |
SK-MaSNL |
| 005 |
20260331212518.0 |
| 008 |
231122s2023 xo e l 001 0 slo |
| 015 |
|
|
|a SNBI2024
|
| 020 |
|
|
|a 9788082320360
|q (viazané)
|
| 040 |
|
|
|a SNK
|b slo
|c SNK
|e rda
|
| 041 |
0 |
|
|a slo
|
| 043 |
|
|
|a e-xo---
|
| 044 |
|
|
|a xo
|c SK
|
| 072 |
|
7 |
|a 342
|x Ústavné právo. Správne právo
|2 konspekt
|
| 080 |
|
|
|a 342.727
|2 2011
|
| 080 |
|
|
|a (437.6)
|2 2011
|
| 080 |
|
|
|a (094.5)
|2 2011
|
| 080 |
|
|
|a (0.072)
|2 2011
|
| 100 |
1 |
|
|a Ikrényi, Peter,
|d 1986-
|4 cwt
|9 483693
|
| 245 |
1 |
0 |
|a Zákon o slobodnom prístupe k informáciám
|b komentár
|c Ikrényi/Bako a kol.
|
| 250 |
|
|
|a 1. vydanie
|
| 264 |
|
1 |
|a V Bratislave
|b C.H. Beck
|c 2023
|
| 300 |
|
|
|a xxii, 576 strán
|c 20 cm
|
| 336 |
|
|
|a text
|b txt
|2 rdacontent
|
| 337 |
|
|
|a bez média
|b n
|2 rdamedia
|
| 338 |
|
|
|a zväzok
|b nc
|2 rdacarrier
|
| 490 |
1 |
|
|a Beckova edícia komentované zákony
|
| 500 |
|
|
|a Obsahuje biografické údaje o autoroch
|
| 500 |
|
|
|a Obsahuje zoznam použitých skratiek
|
| 500 |
|
|
|a Na chrbte knihy: InfoZ komentár
|
| 504 |
|
|
|a Obsahuje bibliografiu na strane 563-568, bibliografické odkazy ; vecný register
|
| 650 |
0 |
7 |
|a právo na informácie
|2 SNKPH
|9 2169
|
| 650 |
0 |
7 |
|a Freedom of information
|2 SNKPHeng
|9 266920
|
| 651 |
|
7 |
|a Slovensko
|2 SNKPHgeo
|9 14231
|
| 651 |
|
7 |
|a Slovakia
|2 SNKPHeng
|9 92630
|
| 655 |
|
7 |
|a zákony
|2 SNKPH
|9 70186
|
| 655 |
|
7 |
|a Laws
|2 SNKPHeng
|9 266957
|
| 655 |
|
7 |
|a Commentaries
|2 SNKPHeng
|9 275605
|
| 655 |
|
7 |
|a komentáre
|2 SNKPH
|9 70412
|
| 700 |
1 |
|
|a Ikrényi, Ivan,
|d 1980-
|4 cwt
|9 420014
|
| 700 |
1 |
|
|a Bako, Martin,
|d 1990-
|4 cwt
|9 483694
|
| 710 |
1 |
2 |
|a Slovensko.
|t Zákon o slobodnom prístupe k informáciám (2000, novela 2023)
|9 483695
|
| 830 |
|
0 |
|a Beckova edícia komentované zákony
|9 327219
|
| 852 |
|
|
|a Slovenská národná knižnica
|
| 919 |
|
|
|a 978-80-8232-036-0
|
| 954 |
|
|
|a odborná, vedecká literatúra pôvodná (slovenská)
|2 lita
|
| 958 |
|
|
|a NB
|
| 999 |
|
|
|c 751475
|d 753405
|
| 952 |
|
|
|a SNK
|b SNK
|y PREZ
|7 0
|p 17A1543691
|o snkSD 92126
|i snk2024/253
|8 0
|0 0
|1 0
|4 0
|d 2024-01-05
|l 0
|r 2026-02-23 23:34:50
|w 2026-02-23
|
| 952 |
|
|
|a SNK
|b SNK
|y VYP
|7 0
|p 17A1543690
|o snkSD 92126 D1
|i snk2024/254
|8 0
|0 0
|1 0
|4 0
|d 2024-01-05
|l 2
|m 1
|r 2026-05-18 11:16:21
|s 2026-03-30
|w 2026-02-23
|